000 00737nam a2200229Ia 4500
001 15319
003 GE_BSU
008 181216s||||||||xx |||||||||||||| ||und||
040 _cGE_BSU
080 _a821.353.1-2
100 _aშარვაშიძე,გიორგი
245 _aგიორგი მესამე.
245 _bისტორიული დრამა 4 მოქმედებად
245 _cრედ. დ.მაისურაძე
260 _aთბილისი
260 _bხელოვნება
260 _c1948
300 _a53გვ.20სმ.
653 _aგიორგი მესამე
653 _aისტორიული დრამა
942 _cBK
999 _c48427
_d48427